| 000 | 00875nam a2200241 a 4500 | ||
|---|---|---|---|
| 003 | CBULib | ||
| 005 | 20240315102525.0 | ||
| 008 | 120626s2011 ||||||||||||||||| || u | ||
| 020 | _a9780230363311 | ||
| 040 |
_aCBULib _bEnglish _cCBULib _dCBULib _erda |
||
| 050 | _aUNECA(08)BRS/1998/3A | ||
| 110 | _aUnited Nations Development Programme (UNDP) | ||
| 245 | 1 | 0 |
_aHuman development report 2011: sustainability and equity, a better future for all _c/by United Nations Development Programme [UNDP] |
| 260 |
_aNew York: _bPalgrave Macmillan _c2011 |
||
| 300 | _axi, 176 pages.: illustrations | ||
| 336 |
_2rdacontent _aText | _btxt |
||
| 337 |
_2rdamedia _aUnmediated | _bn |
||
| 338 |
_2rdacarrier _aVolume _bnc |
||
| 650 | _aHUMAN RESOURCE DEVELOPMENT | ||
| 650 | 0 | _aSUSTAINABLE DEVELOPMENT | |
| 942 |
_2mc _c029 |
||
| 999 |
_c45892 _d45892 |
||